[Event "LSS SL-2006-0-00042"]
[Site "LSS email"]
[Date "2006.06.14"]
[Round "?"]
[White "Wurm, Tamas"]
[Black "Agrelo Alvarez, Gonzalo"]
[Result "1-0"]
[WhiteElo "1113"]
[BlackElo "846"]
[PlyCount "25"]
[EventDate "2006.05.12"]
[EventType "tourn (corr)"]
[EventCountry "GER"]
[SourceTitle "Corr 2015"]
[Source "ChessBase"]
[SourceDate "2015.07.17"]
[SourceVersion "1"]
[SourceVersionDate "2015.07.17"]
[SourceQuality "1"]

1. e4 e5 2. f4 f6 3. fxe5 Qe7 4. Nf3 fxe5 5. Bc4 Nf6 6. Nc3 d6 7. 0-0 Nc6 8. d4 Bg4 9. Bb5 Qd7 10. d5 a6 11. dxc6 bxc6 12. Bc4 d5 13. exd5 1-0

[Event "LSS RL-2006-0-00046"]
[Site "LSS email"]
[Date "2006.06.12"]
[Round "?"]
[White "Agrelo Alvarez, Gonzalo"]
[Black "Schalkwijk, Peter H"]
[Result "0-1"]
[WhiteElo "846"]
[BlackElo "1486"]
[PlyCount "20"]
[EventDate "2006.05.18"]
[EventType "tourn (corr)"]
[EventRounds "6"]
[EventCountry "GER"]
[SourceTitle "Corr 2015"]
[Source "ChessBase"]
[SourceDate "2015.07.17"]
[SourceVersion "1"]
[SourceVersionDate "2015.07.17"]
[SourceQuality "1"]

1. d4 Nf6 2. Nf3 c5 3. e3 e6 4. Bb5 Qa5+ 5. Nc3 Ne4 6. Bd3 Nxc3 7. Qd2 cxd4 8. bxc3 dxc3 9. Qe2 Qb6 10. Rb1 Qxb1 0-1

[Event "IECG RL.2006.0.00046"]
[Site "IECG email"]
[Date "2006.05.18"]
[Round "?"]
[White "Agrelo Alvarez, Gonzalo"]
[Black "Werbrouck, Jean Michel"]
[Result "0-1"]
[WhiteElo "1000"]
[BlackElo "1100"]
[PlyCount "48"]
[EventDate "2006.05.18"]
[EventType "tourn (corr)"]
[EventRounds "6"]
[SourceTitle "Corr 2008"]
[Source "ChessBase"]
[SourceDate "2008.06.24"]
[SourceVersion "1"]
[SourceVersionDate "2008.06.24"]
[SourceQuality "1"]

1. d4 Nf6 2. Nf3 d5 3. Bf4 Bg4 4. e3 e6 5. h3 Bxf3 6. Qxf3 Bd6 7. Bd3 Bxf4 8. Qxf4 Nbd7 9. Nc3 Qe7 10. Qxc7 Qb4 11. 0-0-0 0-0 12. a3 Qb6 13. Qxb6 Nxb6 14. f3 Rac8 15. e4 Nc4 16. e5 Nd7 17. f4 Nxa3 18. bxa3 Rxc3 19. g4 Rxa3 20. f5 Ra1+ 21. Kd2 Rxd1+ 22. Rxd1 exf5 23. Bxf5 Nb6 24. Rb1 Nc4+ 0-1

[Event "IECG SL.2006.0.00042"]
[Site "IECG email"]
[Date "2006.05.12"]
[Round "?"]
[White "Agrelo Alvarez, Gonzalo"]
[Black "Vio, Mauro"]
[Result "0-1"]
[WhiteElo "1000"]
[BlackElo "1186"]
[PlyCount "44"]
[EventDate "2006.05.12"]
[EventType "tourn (corr)"]
[EventRounds "6"]
[SourceTitle "Corr 2008"]
[Source "ChessBase"]
[SourceDate "2008.06.24"]
[SourceVersion "1"]
[SourceVersionDate "2008.06.24"]
[SourceQuality "1"]

1. d4 d5 2. c4 e6 3. Nc3 Nf6 4. Bg5 Bb4 5. Qc2 dxc4 6. e3 b5 7. a3 Bxc3+ 8. Qxc3 0-0 9. Nf3 h6 10. Bh4 Bb7 11. Be2 g5 12. Bg3 Nd5 13. Qa5 a6 14. 0-0 c3 15. bxc3 Nc6 16. Bxc7 Nxa5 17. Bxd8 Raxd8 18. c4 Nc3 19. Bd3 bxc4 20. Bc2 Bxf3 21. gxf3 Nb3 22. Bxb3 cxb3 0-1

[Event "IECG SL.2006.0.00042"]
[Site "IECG email"]
[Date "2006.05.12"]
[Round "?"]
[White "Agrelo Alvarez, Gonzalo"]
[Black "Zimmermann, Jan Erik"]
[Result "0-1"]
[WhiteElo "1000"]
[BlackElo "1004"]
[PlyCount "49"]
[EventDate "2006.05.12"]
[EventType "tourn (corr)"]
[EventRounds "6"]
[SourceTitle "Corr 2008"]
[Source "ChessBase"]
[SourceDate "2008.06.24"]
[SourceVersion "1"]
[SourceVersionDate "2008.06.24"]
[SourceQuality "1"]

1. d4 e5 2. dxe5 Nc6 3. Nf3 Qe7 4. e4 Nxe5 5. Nc3 Nf6 6. Bg5 c6 7. Be2 h6 8. Bh4 g5 9. Bg3 Nxf3+ 10. Bxf3 g4 11. Bxg4 Nxe4 12. Nxe4 Qxe4+ 13. Qe2 Qxe2+ 14. Bxe2 d5 15. 0-0 Bg7 16. c3 0-0 17. Rfe1 Be6 18. Bf3 a5 19. Re2 b5 20. a3 b4 21. cxb4 axb4 22. Bd6 bxa3 23. Bxf8 axb2 24. Rb1 Ra1 25. Bxg7 0-1

[Event "IECG RL.2006.0.00043"]
[Site "IECG email"]
[Date "2006.04.17"]
[Round "?"]
[White "Agrelo Alvarez, Gonzalo"]
[Black "Huntley, Theron"]
[Result "0-1"]
[WhiteElo "1000"]
[BlackElo "1524"]
[PlyCount "40"]
[EventDate "2006.04.17"]
[EventType "tourn (corr)"]
[EventRounds "6"]
[SourceTitle "Corr 2008"]
[Source "ChessBase"]
[SourceDate "2008.06.24"]
[SourceVersion "1"]
[SourceVersionDate "2008.06.24"]
[SourceQuality "1"]

1. d4 Nf6 2. g3 g6 3. Bg2 d5 4. Nf3 Bg7 5. 0-0 0-0 6. Bg5 Ne4 7. Bf4 Nd7 8. e3 c5 9. Nbd2 f6 10. Nxe4 dxe4 11. Nd2 e5 12. dxe5 fxe5 13. Bxe5 Nxe5 14. Nxe4 Bg4 15. Qxd8 Raxd8 16. Nxc5 b6 17. Ne4 h6 18. b3 Nf3+ 19. Kh1 Bxa1 20. Rxa1 Nd2 0-1

[Event "IECG SL.2006.0.00041"]
[Site "IECG email"]
[Date "2006.04.15"]
[Round "?"]
[White "Agrelo Alvarez, Gonzalo"]
[Black "Krupikov, Andrey Viktorovich"]
[Result "0-1"]
[WhiteElo "1000"]
[BlackElo "1517"]
[PlyCount "41"]
[EventDate "2006.04.15"]
[EventType "tourn (corr)"]
[EventRounds "6"]
[SourceTitle "Corr 2008"]
[Source "ChessBase"]
[SourceDate "2008.06.24"]
[SourceVersion "1"]
[SourceVersionDate "2008.06.24"]
[SourceQuality "1"]

1. d4 Nf6 2. c4 g6 3. Nc3 Bg7 4. Nf3 d6 5. Bg5 0-0 6. e3 Bf5 7. Bd3 Bxd3 8. Qxd3 Nbd7 9. 0-0 h6 10. Bh4 Re8 11. b4 e5 12. Rfe1 g5 13. Nxg5 hxg5 14. Bxg5 Qc8 15. Qf5 Nh7 16. Ne4 Ndf8 17. Qxc8 Raxc8 18. Rad1 f5 19. Nxd6 cxd6 20. Bh4 Rxc4 21. dxe5 0-1

[Event "IECG SL.2006.0.00041"]
[Site "IECG email"]
[Date "2006.04.15"]
[Round "?"]
[White "Agrelo Alvarez, Gonzalo"]
[Black "Slavin, Pablo"]
[Result "0-1"]
[WhiteElo "1000"]
[BlackElo "1326"]
[PlyCount "100"]
[EventDate "2006.04.15"]
[EventType "tourn (corr)"]
[EventRounds "6"]
[SourceTitle "Corr 2008"]
[Source "ChessBase"]
[SourceDate "2008.06.24"]
[SourceVersion "1"]
[SourceVersionDate "2008.06.24"]
[SourceQuality "1"]

1. d4 Nf6 2. c4 g6 3. Nc3 d5 4. Bg5 c6 5. Nf3 Bg7 6. e3 0-0 7. c5 b5 8. b4 a5 9. a3 a4 10. Bd3 Nbd7 11. 0-0 h6 12. Bh4 Re8 13. Re1 e5 14. Ra2 e4 15. Bxb5 cxb5 16. Nd2 g5 17. Bg3 Ba6 18. f3 Rc8 19. fxe4 Nxe4 20. Ndxe4 dxe4 21. Rf2 Nf8 22. Ref1 f6 23. Qg4 Qd7 24. Qh5 Qf7 25. Qxf7+ Kxf7 26. Be5 Nd7 27. Nxe4 Nxe5 28. Nd6+ Ke6 29. dxe5 Kxe5 30. Rd1 Re7 31. Rf5+ Ke6 32. Nxc8 Bxc8 33. Rfd5 Kf7 34. c6 Ke6 35. Rxb5 Rc7 36. Rc5 Bf8 37. Rc4 Ba6 38. Rc3 Bb5 39. Rdc1 Bd6 40. Kf2 h5 41. h3 h4 42. Kf3 Ba6 43. e4 Rc8 44. Rd1 Bb5 45. Rdc1 Rf8 46. c7 Rc8 47. Ke3 Bf4+ 48. Kf3 Bxc1 49. Rxc1 Kd6 50. Rc5 Bc6 0-1

[Event "IECG SL.2006.0.00041"]
[Site "IECG email"]
[Date "2006.04.15"]
[Round "?"]
[White "Nash, Chris"]
[Black "Agrelo Alvarez, Gonzalo"]
[Result "1-0"]
[WhiteElo "1065"]
[BlackElo "1000"]
[PlyCount "55"]
[EventDate "2006.04.15"]
[EventType "tourn (corr)"]
[EventRounds "6"]
[SourceTitle "Corr 2008"]
[Source "ChessBase"]
[SourceDate "2008.06.24"]
[SourceVersion "1"]
[SourceVersionDate "2008.06.24"]
[SourceQuality "1"]

1. e4 e5 2. Nf3 Nc6 3. Bc4 Bc5 4. 0-0 Nf6 5. Nc3 d6 6. a3 0-0 7. d3 Bg4 8. h3 Bxf3 9. Qxf3 Nd4 10. Qd1 c6 11. Ne2 Nxe2+ 12. Qxe2 Re8 13. Bg5 h6 14. Bh4 d5 15. exd5 cxd5 16. Bxf6 Qxf6 17. Bxd5 Qb6 18. Qf3 Re7 19. b4 Bd4 20. Ra2 Rc8 21. c4 Qg6 22. Bxb7 Rb8 23. Be4 Qe6 24. Qf5 g6 25. Qxe6 Rxe6 26. b5 a6 27. a4 f5 28. Bd5 1-0

[Event "IECG SL.2006.0.00041"]
[Site "IECG email"]
[Date "2006.04.15"]
[Round "?"]
[White "Zimmermann, Jan Erik"]
[Black "Agrelo Alvarez, Gonzalo"]
[Result "1/2-1/2"]
[WhiteElo "1004"]
[BlackElo "1000"]
[PlyCount "98"]
[EventDate "2006.04.15"]
[EventType "tourn (corr)"]
[EventRounds "6"]
[SourceTitle "Corr 2008"]
[Source "ChessBase"]
[SourceDate "2008.06.24"]
[SourceVersion "1"]
[SourceVersionDate "2008.06.24"]
[SourceQuality "1"]

1. e4 e5 2. Nf3 d6 3. Bc4 Nf6 4. d3 Bg4 5. Bg5 Be7 6. Nbd2 0-0 7. h3 Bh5 8. g4 Bg6 9. Nh4 c6 10. Nxg6 hxg6 11. Nf3 Nbd7 12. Nh4 d5 13. exd5 Nxd5 14. Bxe7 Qxe7 15. Bxd5 cxd5 16. Ng2 Qb4+ 17. Qd2 Qxb2 18. 0-0 Rfc8 19. Ne3 Nb6 20. Rfb1 Qc3 21. Qxc3 Rxc3 22. Rb3 Rac8 23. Rc1 d4 24. Rxc3 Rxc3 25. Nd1 Ra3 26. Ra1 Nd5 27. Nb2 b5 28. Kf1 Rc3 29. Rc1 Nb4 30. a4 Rxc2 31. Rxc2 Nxc2 32. axb5 Nb4 33. Ke2 f6 34. Nc4 g5 35. b6 axb6 36. Nxb6 Kf7 37. Nc4 Ke6 38. Nd2 g6 39. Nf3 Nd5 40. h4 gxh4 41. Nxh4 g5 42. Nf5 Nf4+ 43. Kd2 Kd5 44. Ne7+ Kc5 45. Ng8 Nh3 46. f3 Ng1 47. Nxf6 Nxf3+ 48. Ke2 Nh4 49. Ne4+ Kd5 1/2-1/2